00535nam a2200157Ia 4500008004100000082001800041100002400059245003900083250001200122260004100134300001700175600001400192942000700206952014700213999001700360250612s9999 xx 000 0 und d a923.25491 ISP aIspahani, M. A. H.  0aQaid-E-Azam Jinnah:bas I Knew Him a2nd ed. aKarachi:bDin Muhammadi Press,c1966 a242p.b:ill. aBiography cGB 00104070aUITUbUITUcGIFd2025-06-12eGifted by Anonymousl0o923.25491 ISPpG329r2025-06-12 16:39:04w2025-06-12yGBzGifted by Anonymous c31495d31495